ბათუმის შოთა რუსთაველის სახელმწიფო უნივერსიტეტის ბიბლიოთეკა

მიკროსისხლძარღვთა კედლის ფუნქციების, ერითროციტების თვისებების და სისხლის დენადობის ცვლილებები ხანგრძლივი ზეწოლის სინდრომის დროს / (ბიბ.ჩანაწერი № 57897)

000 -ლიდერი
ფიქსირებული სიგრძის საკონტროლო ველი 01787nam a22002297a 4500
003 - საკონტროლო ნომრის იდენტიფიკატორი
საკონტროლო ველი Ge_BSU
005 - ბოლო ოპერაციის თარიღი და დრო
საკონტროლო ველი 20210330141832.0
008 - ფიქსირებული სიგრძის მონაცემთა ელემენტები - ზოგადი ინფორმაცია
ფიქსირებული სიგრძის საკონტროლო ველი 210330s2016 ge ||||| |||| 00| 0 geo d
041 ## - ენის კოდი
Language code of text/sound track or separate title geo
080 ## - უნივერსალური ათობითი კლასიფიკაციის ინდექსი
Universal Decimal Classification number 61 გ-19
100 ## - მთავარი ჩანაწერი - პიროვნების სახელი
Personal name გამყრელიძე, ნათია
9 (RLIN) 9199
245 ## - ცნობა სათაურის შესახებ
Title მიკროსისხლძარღვთა კედლის ფუნქციების, ერითროციტების თვისებების და სისხლის დენადობის ცვლილებები ხანგრძლივი ზეწოლის სინდრომის დროს /
Statement of responsibility, etc ნათია გამყრელიძე; სამეცნიერო ხელმძღვანელი ვახტანგ ყიფიანი, თეიმურაზ პეტრიაშვილი.
264 ## - წარმოების, გამოცემის, დისტრიბუციის და სხვა ცნობები
გამოცემის, წარმოების, დისტრიბუციის... ადგილი თბილისი,
გამოცემის, წარმოების, დისტრიბუციის... თარიღი 2016.
300 ## - ფიზიკური აღწერა
Extent 152 გვ.;
Other physical details ცხრილები
Dimensions 30 სმ.
653 ## - INDEX TERM--UNCONTROLLED
Uncontrolled term მედიცინა
653 ## - INDEX TERM--UNCONTROLLED
Uncontrolled term დისერტაცია
653 ## - INDEX TERM--UNCONTROLLED
Uncontrolled term მიკროსისხლძარღვთა კედლის ფუნქციების, ერითროციტების თვისებების და სისხლის დენადობის ცვლილებები ხანგრძლივი ზეწოლის სინდრომის დროს
700 ## - ADDED ENTRY--PERSONAL NAME
Personal name ყიფიანი, ვახტანგ
Relator term სამეცნიერო ხელმძღვანელი
9 (RLIN) 7955
700 ## - ADDED ENTRY--PERSONAL NAME
Personal name პეტრიაშვილი, თეიმურაზ
Relator term სამეცნიერო ხელმძღვანელი
9 (RLIN) 7748
710 ## - ADDED ENTRY--CORPORATE NAME
Corporate name or jurisdiction name as entry element თსუ
9 (RLIN) 10849
942 ## - ADDED ENTRY ELEMENTS (KOHA)
Source of classification or shelving scheme
Koha item type წიგნი
ეგზემპლარები
ჩამოწერის სტატუსი დაკარგული ეგზემპლარის სტატუსი კლასიფიკაციის წყარო ან თაროზე გაწყობის სქემა დაზიანების სტატუსი არ გაიცემა მუდმივი მდებარეობა (დაცვის ადგილი) ამჟამინდელი ადგილსამყოფელი თაროზე განთავსების ადგილი შეძენის თარიღი სრული შენახვის შიფრი შტრიხკოდი ბოლო ოპერაციის თარიღი ეგზემპლარის მიმდევრობითი ნომერი (კეტერი?) ფასის ძალაში შესვლის თარიღი ეგზემპლარის სახეობა
          ბათუმის შოთა რუსთაველის სახელმწიფო უნივერსიტეტის მთავარი ბიბლიოთეკა ბათუმის შოთა რუსთაველის სახელმწიფო უნივერსიტეტის მთავარი ბიბლიოთეკა წიგნსაცავი 2021-03-30 61 გ-19 259 დისერტ. 2021-03-30 259 2021-03-30 დისერტაცია